| 000 | 00561nam a2200181Ia 4500 | ||
|---|---|---|---|
| 003 | LDD | ||
| 008 | 190117s9999 xx 000 0 und d | ||
| 020 |
_a8170167671 _c₹120 |
||
| 040 | _cLDD | ||
| 041 | _ahi | ||
| 082 | _a8H3.7 शा76स | ||
| 100 | _aशाह, रमेशचन्द्र | ||
| 245 | 0 |
_aसफेद परदे पर _cरमेशचन्द्र शाह |
|
| 260 |
_aनयी दिल्ली _bकिताबघर प्रकाशन _c2006 |
||
| 300 | _a123 | ||
| 904 | _aReqst by : J.M. Parekh | ||
| 942 |
_2ddc _cH |
||
| 999 |
_c171642 _d171642 |
||